1026 1605 1344 1777 1544 1642 1138 1957 1121 1816 1374 1910 1805 1013 1605 1746 1946 1367 1081 1024 1880 1242 1494 1614 1091 1515 1615 1999 1818 1515 1851 1054 1610 1086 1565 1316 1778 1463 1757 1888 1507 1315 1827 1541 1326 1068 1316 1973 1545 1617 1171 1556 1491 1221 1096 1097 1512 1726 1727 1985 1323 1230 1175 1565 1262 1832 1113 1382 1405 1853 1713 1105 1362 1564 1097 1142 1601 1058 1575 1497 1805 1270 1716 1523 1256 1623 1326 1193 1558 1778 1305 1075 1292 1683 1757 1705 1509 1480 1628 BCNSPRNW ULIB Ver.6.0+V

เปลี่ยนเป็นภาษาไทย

Change to English
 แสดงรายละเอียดบรรณานุกรม
  กลับหน้าหลัก

Brief Record : Get Marc (ISO 2709) : E-mail record : QR code < ปิดหน้าต่าง
LEADER : 00000nam 2200000uu 4500
001    13399113209
003     ULIB
008    111003s2551||||th 000 0 tha d
020    9789749749388
050  4 QA76.75^bป342ม 2551
100 0  ประภาพร ช่างไม้
245 10 มือใหม่สร้างเว็บไซต์ Photoshop + Dreamweaver /^cประภาพร ช่างไม้ ; บรรณาธิการ ดนุพล กิ่งสุคนธ์
250    พิมพ์ครั้งที่ 1
260    นนทบุรี :^bไอดีซี อินโฟ ดิสทริบิวเตอร์ เซ็นเตอร์,^c2551
300    ix, 314 หน้า :^bภาพประกอบสี ;^c21 ซม. +^eซีดี-รอม 1 แผ่น
650  4 การประมวลผลภาพ^xเทคนิคดิจิตอล
650  4 คอมพิวเตอร์กราฟิก
650  4 ดรีมวีเวอร์
650  4 แฟลช (แฟ้มข้อมูลคอมพิวเตอร์)
650  4 เว็บไซต์^xการออกแบบ
650  4 เว็บไซต์^xโปรแกรมใช้สร้าง
650  4 เว็บเพจ^xการออกแบบ
650  4 อโดบีโฟโตช็อบ
700 0  ดนุพล กิ่งสุคนธ์,^eบรรณาธิการ
945    ^p199^l0^i026438
995    ทศพร
999 ^a ทศพร
รายการนี้ยังไม่มีแท็ก
คุณยังไม่ได้ล็อกอิน คุณสามารถมีกิจกรรมร่วมกับเว็บไซต์ได้ แต่ต้องล็อกอินก่อน ::
  ล็อกอิน

รายการสื่อสารสนเทศ

ลำดับที่ ประเภท เลขเรียก/บาร์โค้ด สถานที่ สถานะ
- ไม่พบข้อมูล -

รายการใกล้เคียง
    ผู้แต่ง [ประภาพร ช่างไม้]

    หัวเรื่อง [คอมพิวเตอร์กราฟิก]
    หัวเรื่อง [ดรีมวีเวอร์]
    หัวเรื่อง [แฟลช (แฟ้มข้อมูลคอมพิวเตอร์)]
    หัวเรื่อง [อโดบีโฟโตช็อบ]

BibComment


ยังไม่เคยถูกคอมเมนท์

คอมเมนท์ทรัพยากรรายการนี้
  คอมเมนท์: มือใหม่สร้างเว็บไ..


 Copyright 2026. Bcnsprnw @Library